| 000 | 00842nas a2200265 4500 | ||
|---|---|---|---|
| 001 | BR9300066 | ||
| 003 | BR-BrBNA | ||
| 005 | 20231205093548.0 | ||
| 007 | ta | ||
| 008 | 230509b bl.|||p| |||| 00| 00por d | ||
| 040 |
_aBR-BrBNA _bpor _cBiblioteca Nacional de Agricultura |
||
| 041 | _a(Pt) | ||
| 072 | _aF02 | ||
| 100 | 1 | _aPivetta, K.F.L. | |
| 100 | 1 | _aPereira, F.M. | |
| 100 | 1 | _aBanzatto, D.A. | |
| 245 | 1 | _aEfeito do acido indolbutirico na iniciacao e desenvolvimento radicular de estacas de nogueira macadamia (Macadamia integrifolia Maiden e Betche) | |
| 650 | _aMacadamia | ||
| 650 | _aRaiz | ||
| 650 | _aEnraizamento de Estaca | ||
| 650 | _aAcido Indolbutirico | ||
| 773 | 0 |
_tCultura Agronomica (Brazil) _x _g(Sep 1992), v. 1(1) p. 143-150 _wBR9300066 |
|
| 909 |
_a202311 _bLúcia _c55 _dLúcia Elande |
||
| 942 |
_2AGRIS _n0 _cANA |
||
| 999 |
_c139172 _d139172 |
||